000 00430nam a2200085Ia 4500
008 180130s9999 xx 000 0 und d
245 _cAngela M. Cavett & Athena A. Drewes
_aPlay Applications and Trauma-Specific Components
300 _aBook title: Trauma-focused CBT for children and adolescents : treatment applications--Acession number c20996; pages 124-148
650 _aCOGNITIVE THERAPY, POST-TRAUMATIC STRESS DISORDER--TREATMENT,
999 _c354613
_d354613